000 01845nam a2200265Ia 4500
008 260220t1987||||xx |||||||||||||| ||spa||
040 _aPY-SlUNAC
_bspa
_erda
041 _aspa
082 _a530
_bB86f
100 _aBueche, Frederick
_eAutor
245 0 _aFísica para estudiantes de ciencias e ingeniería /
_cpor Frederick Bueche [Autor]
250 _aCuarta edición
264 _aCiudad de México :
_bMcGraw-Hill,
_c℗1987.
300 _a1 volumen
490 _a
_vvolumen 1
520 _aEl libro "Física para estudiantes de ciencias e ingeniería" de Frederick Bueche es una obra fundamental que aborda los principios de la física aplicados a diversas disciplinas científicas y de ingeniería. Dividido en secciones temáticas, el texto cubre tópicos esenciales como mecánica, termodinámica, electromagnetismo y óptica, enfatizando la interrelación entre teoría y práctica. Bueche emplea un enfoque pedagógico que incluye ejemplos claros, problemas resueltos y ejercicios propuestos que fomentan la comprensión profunda de los conceptos. Además, se destacan aplicaciones reales que permiten a los estudiantes visualizar la relevancia de la física en el mundo actual. La obra también incorpora gráficos ilustrativos y tablas que facilitan la asimilación de información. A través de su estructura lógica y accesible, el autor busca preparar a los estudiantes no solo para entender la materia, sino también para aplicar sus conocimientos en contextos técnicos y científicos, promoviendo así un aprendizaje integral que trasciende la mera memorización.
653 _aCiencias físicas
653 _aFísica
653 _aIngeniería
942 _b2026/02/17
_cBK
999 _c7712
_d7712